[Event "Masters 2013"]
[Site "Rennes"]
[Date "2013.03.30"]
[Round "2.5"]
[White "Guezennec, Franck"]
[Black "Busnel, Laurent"]
[Result "1-0"]
[WhiteElo "2174"]
[BlackElo "1909"]
[PlyCount "89"]
[EventDate "2013.03.31"]
[EventType "tourn"]
[EventRounds "7"]
[EventCountry "FRA"]
[SourceDate "2005.09.12"]

1. e4 d5 2. exd5 Qxd5 3. Nc3 Qd6 4. d4 Nf6 5. Bc4 c6 6. Nge2 g6 7. Bf4 Qb4 8.
Bb3 Bg7 9. Qd2 Nbd7 10. O-O Nb6 11. a3 Qa5 12. Rad1 O-O 13. Rfe1 Bf5 14. Nd5
Qxd2 15. Nxe7+ Kh8 16. Bxd2 Bg4 17. f3 Bd7 18. Bb4 Rae8 19. Nc3 Nh5 20. d5 Bf6
21. d6 Nf4 22. a4 a6 23. a5 Nc8 24. Nxc8 Rxc8 25. Na4 Rce8 26. Nb6 Rd8 27. Re7
Be6 28. Rxb7 Bxb3 29. cxb3 Bd4+ 30. Rxd4 Ne2+ 31. Kf2 Nxd4 32. d7 Kg8 33. Bxf8
Kxf8 34. b4 Ke7 35. Ke3 Nb5 36. Na4 Kd6 37. Nc5 Nc7 38. Kd3 f5 39. Kc4 Ra8 40.
d8=Q+ Rxd8 41. Rxc7 Kxc7 42. Ne6+ Kd7 43. Nxd8 Kxd8 44. Kc5 Kc7 45. f4 1-0

[Event "Masters 2013"]
[Site "Rennes"]
[Date "2013.03.30"]
[Round "2.6"]
[White "Le Goff, Damien"]
[Black "Lechartre, Victorien"]
[Result "1-0"]
[WhiteElo "2264"]
[BlackElo "1655"]
[PlyCount "43"]
[EventDate "2013.03.31"]
[EventType "tourn"]
[EventRounds "7"]
[EventCountry "FRA"]
[SourceDate "2005.09.12"]

1. e4 c5 2. Nc3 Nc6 3. Bb5 d6 4. f4 g6 5. Nf3 Bg7 6. O-O e6 7. Bxc6+ bxc6 8. e5
dxe5 9. fxe5 Bxe5 10. Nxe5 Qd4+ 11. Kh1 Qxe5 12. Qf3 Qc7 13. d3 f5 14. Bf4 e5
15. Bxe5 Qxe5 16. Rae1 Qxe1 17. Qxc6+ Kf7 18. Rxe1 Ne7 19. Rxe7+ Kxe7 20. Nd5+
Kf7 21. Qf6+ Kg8 22. Ne7# 1-0

[Event "Masters 2013"]
[Site "Rennes"]
[Date "2013.03.30"]
[Round "2.7"]
[White "Lavanant, Alexandre"]
[Black "Durand Le Ludec, Brendan Bubok"]
[Result "1/2-1/2"]
[WhiteElo "2031"]
[BlackElo "1769"]
[PlyCount "92"]
[EventDate "2013.03.31"]
[EventType "tourn"]
[EventRounds "7"]
[EventCountry "FRA"]
[SourceDate "2005.09.12"]

1. d4 Nf6 2. Bg5 d5 3. Bxf6 exf6 4. e3 Bd6 5. g3 c6 6. Bg2 O-O 7. Nd2 Be6 8.
Ne2 Re8 9. O-O Nd7 10. b3 Nf8 11. c4 Ng6 12. Qc2 Qd7 13. Rfe1 Rac8 14. a3 Bh3
15. Bh1 f5 16. Qd3 dxc4 17. Nxc4 Bb8 18. b4 Re6 19. Rad1 Rce8 20. d5 cxd5 21.
Qxd5 Qxd5 22. Bxd5 R6e7 23. Na5 b6 24. Nc6 Rd7 25. Nxb8 Rxb8 26. Bc6 Rxd1 27.
Rxd1 Ne5 28. Nd4 g6 29. b5 Rd8 30. Rc1 Nd3 31. Rc3 Nc5 32. a4 Kf8 33. a5 Ke7
34. axb6 axb6 35. Ra3 Ne6 36. Ra7+ Kf6 37. Rd7 Rxd7 38. Bxd7 Nxd4 39. exd4 Bg4
40. Kg2 Be2 41. f4 Ke7 42. Bc6 Kd6 43. Kf2 Bc4 44. Ke3 f6 45. h4 h6 46. Be8 g5
1/2-1/2

[Event "Masters 2013"]
[Site "Rennes"]
[Date "2013.03.30"]
[Round "2.8"]
[White "Geffroy, Leo"]
[Black "Colleter, Christian"]
[Result "1-0"]
[WhiteElo "1970"]
[BlackElo "1761"]
[PlyCount "49"]
[EventDate "2013.03.31"]
[EventType "tourn"]
[EventRounds "7"]
[EventCountry "FRA"]
[SourceDate "2005.09.12"]

1. e4 Nf6 2. e5 Nd5 3. d4 d6 4. Nf3 c6 5. c4 Nc7 6. Nc3 dxe5 7. Nxe5 Nd7 8. Nf3
g6 9. Be3 Bg7 10. Be2 O-O 11. O-O e5 12. dxe5 Nxe5 13. Qb3 Ne6 14. Rad1 Qa5 15.
Ne4 Ng4 16. Bd2 Qc7 17. Bc3 Nf4 18. Rfe1 Nxe2+ 19. Rxe2 Ne5 20. Nxe5 Bxe5 21.
Nf6+ Bxf6 22. Bxf6 Bg4 23. Qe3 Rad8 24. Rxd8 Rxd8 25. Qe8+ 1-0

[Event "Masters 2013"]
[Site "Rennes"]
[Date "2013.03.30"]
[Round "2.9"]
[White "Ruhlmann, Helene"]
[Black "Le Marec, Laura"]
[Result "1-0"]
[WhiteElo "1794"]
[BlackElo "1677"]
[PlyCount "35"]
[EventDate "2013.03.31"]
[EventType "tourn"]
[EventRounds "7"]
[EventCountry "FRA"]
[SourceDate "2005.09.12"]

1. d4 e6 2. Nf3 Nf6 3. c4 Bb4+ 4. Bd2 a5 5. Nc3 d5 6. e3 Nbd7 7. Qc2 Bxc3 8.
Bxc3 Ne4 9. cxd5 exd5 10. Bd3 Ndf6 11. O-O O-O 12. Ne5 c6 13. Be1 Ng5 14. f3
Ne6 15. Bh4 g5 16. Bg3 h6 17. Ng4 h5 18. Nxf6+ 1-0

[Event "Masters 2013"]
[Site "Rennes"]
[Date "2013.03.30"]
[Round "2.10"]
[White "Henry, Solenne"]
[Black "Ferret-Leger, Gaspard"]
[Result "0-1"]
[WhiteElo "1672"]
[BlackElo "1785"]
[PlyCount "34"]
[EventDate "2013.03.31"]
[EventType "tourn"]
[EventRounds "7"]
[EventCountry "FRA"]
[SourceDate "2005.09.12"]

1. e4 d5 2. exd5 Qxd5 3. Nc3 Qa5 4. d4 Nf6 5. Bd2 Bg4 6. Be2 Bxe2 7. Qxe2 Nc6
8. Qb5 O-O-O 9. Qxa5 Nxa5 10. Nb5 Nc6 11. c3 a6 12. Na3 e5 13. Nf3 exd4 14. O-O
Bxa3 15. bxa3 Ne4 16. cxd4 Nxd4 17. Bf4 Ne2+ 0-1

[Event "Masters 2013"]
[Site "Rennes"]
[Date "2013.03.30"]
[Round "2.11"]
[White "Deniau, Pascal"]
[Black "Radovanovic, Vanja"]
[Result "1-0"]
[WhiteElo "1776"]
[BlackElo "1499"]
[PlyCount "49"]
[EventDate "2013.03.31"]
[EventType "tourn"]
[EventRounds "7"]
[EventCountry "FRA"]
[SourceDate "2005.09.12"]

1. d4 Nf6 2. c4 g6 3. Nf3 Bg7 4. g3 d5 5. cxd5 Nxd5 6. Bg2 O-O 7. O-O Nc6 8. e3
Bg4 9. h3 Bd7 10. Nbd2 Qc8 11. Kh2 Ncb4 12. a3 Nd3 13. Nc4 Nxc1 14. Rxc1 Rb8
15. Nfe5 Bxe5 16. Nxe5 Be6 17. e4 Nb6 18. d5 Bd7 19. Qc2 Bb5 20. Rfd1 f6 21.
Nf3 c6 22. Nd4 Qd7 23. dxc6 Bxc6 24. Nxc6 Qxc6 25. Qb3+ 1-0

[Event "Masters 2013"]
[Site "Rennes"]
[Date "2013.03.31"]
[Round "3.1"]
[White "Stephan, Victor"]
[Black "Guezennec, Franck"]
[Result "1-0"]
[WhiteElo "2313"]
[BlackElo "2174"]
[PlyCount "67"]
[EventDate "2013.03.31"]
[EventType "tourn"]
[EventRounds "7"]
[EventCountry "FRA"]
[SourceDate "2005.09.12"]

1. d4 Nf6 2. g3 g6 3. Bg2 Bg7 4. c4 O-O 5. Nc3 d6 6. Nf3 Nc6 7. O-O a6 8. Qd3
Bd7 9. Bf4 Rb8 10. d5 Nb4 11. Qd2 a5 12. Bh6 Na6 13. Bxg7 Kxg7 14. Nd4 Qc8 15.
e4 e5 16. dxe6 Bxe6 17. Nd5 Bxd5 18. cxd5 Re8 19. Rae1 Nc5 20. Qc3 Qd8 21. f4
Kg8 22. e5 Ng4 23. h3 Nh6 24. g4 Qd7 25. e6 fxe6 26. dxe6 Qe7 27. f5 gxf5 28.
Qe3 f4 29. Rxf4 Kh8 30. g5 Ng8 31. Rf7 Qxf7 32. exf7 Rxe3 33. Rxe3 Rf8 34. Bd5
1-0

[Event "Masters 2013"]
[Site "Rennes"]
[Date "2013.03.31"]
[Round "3.2"]
[White "Alanic, Mickael"]
[Black "Alanic, Xavier"]
[Result "1/2-1/2"]
[WhiteElo "2247"]
[BlackElo "2245"]
[PlyCount "41"]
[EventDate "2013.03.31"]
[EventType "tourn"]
[EventRounds "7"]
[EventCountry "FRA"]
[SourceDate "2005.09.12"]

1. e4 c6 2. d4 d5 3. Nc3 dxe4 4. Nxe4 Nf6 5. Nxf6+ exf6 6. Bf4 Be6 7. Nf3 Bd6
8. Bxd6 Qxd6 9. c3 O-O 10. Bd3 Re8 11. O-O Nd7 12. Qc2 Nf8 13. Rfe1 Bd7 14.
Rxe8 Rxe8 15. Re1 Re6 16. Rxe6 fxe6 17. h3 Be8 18. Nd2 Bg6 19. Bxg6 Nxg6 20.
Qe4 Qd5 21. Qxd5 {(=)} 1/2-1/2

[Event "Masters 2013"]
[Site "Rennes"]
[Date "2013.03.31"]
[Round "3.3"]
[White "Otmani, Kamel"]
[Black "Louis, Corentin"]
[Result "0-1"]
[WhiteElo "2104"]
[BlackElo "1985"]
[PlyCount "62"]
[EventDate "2013.03.31"]
[EventType "tourn"]
[EventRounds "7"]
[EventCountry "FRA"]
[SourceDate "2005.09.12"]

1. e4 Nf6 2. e5 Nd5 3. c4 Nb6 4. d4 d6 5. f4 g6 6. Nc3 Bg7 7. Nf3 O-O 8. Be3
Be6 9. b3 c5 10. dxc5 N6d7 11. cxd6 exd6 12. Qxd6 Nxe5 13. Qxd8 Nxf3+ 14. gxf3
Rxd8 15. Rc1 Nc6 16. Nd5 Bxd5 17. cxd5 Nb4 18. Bd2 Re8+ 19. Kf2 Bd4+ 20. Kg3
Nxd5 21. Bc4 Ne7 22. Bd3 Rad8 23. Be4 Bf2+ 24. Kxf2 Rxd2+ 25. Kg3 Rxa2 26. Ra1
Rb2 27. Rxa7 Rxb3 28. Rxb7 Nf5+ 29. Kf2 Rxb7 30. Bxb7 Rb8 31. Rb1 Nd6 0-1

[Event "Masters 2013"]
[Site "Rennes"]
[Date "2013.03.31"]
[Round "3.4"]
[White "Entem, Alan"]
[Black "Le Marec, Simon"]
[Result "1-0"]
[WhiteElo "2177"]
[BlackElo "2136"]
[PlyCount "97"]
[EventDate "2013.03.31"]
[EventType "tourn"]
[EventRounds "7"]
[EventCountry "FRA"]
[SourceDate "2005.09.12"]

1. e4 e6 2. d4 d5 3. exd5 exd5 4. Bd3 Nc6 5. Ne2 Nb4 6. O-O Nxd3 7. Qxd3 Nf6 8.
Nbc3 c6 9. Bg5 Be7 10. Ng3 O-O 11. Nf5 Bxf5 12. Qxf5 Qb6 13. Qd3 Rfe8 14. b3
Nh5 15. Bd2 Bd6 16. g3 g6 17. Rfe1 f5 18. Na4 Qc7 19. c4 Nf6 20. Nc3 Ne4 21.
Ne2 Qf7 22. Rac1 Rad8 23. c5 Nxd2 24. Qxd2 Bf8 25. Kg2 Qf6 26. Ng1 Re4 27. Nf3
Rde8 28. Ne5 h5 29. f3 Rxe1 30. Rxe1 Bg7 31. f4 h4 32. Nd7 Qd8 33. Rxe8+ Qxe8
34. Ne5 {(=)} b6 35. Qc3 Bxe5 36. fxe5 Kf7 37. b4 b5 38. Qc1 Kg7 {(=)} 39. Qg5
hxg3 40. Qf6+ Kh7 41. Kxg3 a5 42. a3 axb4 43. axb4 Qa8 44. e6 Qa3+ 45. Kf4 Qh3
46. Qe7+ Kh6 47. Qf8+ Kh7 48. Ke5 f4 49. e7 1-0

[Event "Masters 2013"]
[Site "Rennes"]
[Date "2013.03.31"]
[Round "3.5"]
[White "Ruhlmann, Helene"]
[Black "Le Goff, Damien"]
[Result "0-1"]
[WhiteElo "1794"]
[BlackElo "2264"]
[PlyCount "62"]
[EventDate "2013.03.31"]
[EventType "tourn"]
[EventRounds "7"]
[EventCountry "FRA"]
[SourceDate "2005.09.12"]

1. d4 Nf6 2. Nf3 g6 3. c4 c5 4. Nc3 cxd4 5. Nxd4 Bg7 6. g3 O-O 7. Bg2 Qc7 8.
Qd3 Nc6 9. Ncb5 Qd8 10. O-O a6 11. Qa3 Na5 12. Nc3 Nxc4 13. Qc5 Na5 14. b4 Nc6
15. Rd1 Nxd4 16. Qxd4 Ng4 17. Qd3 d6 18. Bd2 Bd7 19. Rab1 Bf5 20. e4 Ne5 21.
Qe2 Bg4 22. f3 Be6 23. Be3 Nxf3+ 24. Qxf3 Bxc3 25. Bh6 Bg7 26. Bxg7 Kxg7 27. a3
Qb6+ 28. Kh1 Rac8 29. Rb2 Rc7 30. h3 Rfc8 31. Rbd2 Rc3 0-1

[Event "Masters 2013"]
[Site "Rennes"]
[Date "2013.03.31"]
[Round "3.6"]
[White "Ferret-Leger, Gaspard"]
[Black "Theon, Pierre"]
[Result "1-0"]
[WhiteElo "1785"]
[BlackElo "2131"]
[PlyCount "75"]
[EventDate "2013.03.31"]
[EventType "tourn"]
[EventRounds "7"]
[EventCountry "FRA"]
[SourceDate "2005.09.12"]

1. c4 e5 2. Nc3 Nc6 3. Nf3 f5 4. d4 e4 5. Ng5 Nf6 6. e3 Bb4 7. Bd2 O-O 8. Be2
Qe8 9. Nh3 a5 10. Nf4 Ne7 11. Nb5 Bxd2+ 12. Qxd2 Qd8 13. c5 g5 14. Bc4+ Kg7 15.
Ne2 c6 16. Nd6 b5 17. Bb3 a4 18. Bc2 Ne8 19. h4 Nxd6 20. cxd6 Nd5 21. hxg5 Qxg5
22. O-O-O Qg6 23. g4 fxg4 24. Ng3 Qxd6 25. Nxe4 Qb4 26. Qe2 d6 27. a3 Qc4 28.
Rxh7+ Kg8 29. Qxc4 bxc4 30. Rdh1 Bf5 31. R7h5 Ra7 32. Ng5 Re7 33. Rh8+ Kg7 34.
Rxf8 Bxc2 35. Rhh8 Bd3 36. Rhg8+ Kh6 37. Nf7+ Kh5 38. Rg5+ 1-0

[Event "Masters 2013"]
[Site "Rennes"]
[Date "2013.03.31"]
[Round "3.7"]
[White "Lechartre, Victorien"]
[Black "Geffroy, Leo"]
[Result "0-1"]
[WhiteElo "1655"]
[BlackElo "1970"]
[PlyCount "64"]
[EventDate "2013.03.31"]
[EventType "tourn"]
[EventRounds "7"]
[EventCountry "FRA"]
[SourceDate "2005.09.12"]

1. d4 Nf6 2. c4 g6 3. Nc3 Bg7 4. e4 d6 5. Nf3 O-O 6. Be2 e5 7. O-O Nc6 8. d5
Ne7 9. b4 Nd7 10. Ba3 f5 11. c5 Nf6 12. Ng5 Bh6 13. Ne6 Bxe6 14. dxe6 Nxe4 15.
Nxe4 fxe4 16. cxd6 cxd6 17. b5 Nf5 18. Qd5 Qe7 19. Qxe4 Nd4 20. Bd3 Qxe6 21.
Qxb7 Rab8 22. Qa6 Rfd8 23. Bb2 Qg4 24. f3 Qh4 25. g3 Be3+ 26. Kg2 Qg5 27. Rae1
Nf5 28. Bc4+ Kh8 29. f4 Qe7 30. fxe5 dxe5 31. Kh1 Rb6 32. Qa4 Qb7+ 0-1

[Event "Masters 2013"]
[Site "Rennes"]
[Date "2013.03.31"]
[Round "3.8"]
[White "Busnel, Laurent"]
[Black "Deniau, Pascal"]
[Result "0-1"]
[WhiteElo "1909"]
[BlackElo "1776"]
[PlyCount "60"]
[EventDate "2013.03.31"]
[EventType "tourn"]
[EventRounds "7"]
[EventCountry "FRA"]
[SourceDate "2005.09.12"]

1. e4 Nf6 2. Nc3 d5 3. exd5 Nxd5 4. Qf3 e6 5. Bc4 Nb6 6. Bb3 Nc6 7. Nge2 Be7 8.
d3 O-O 9. O-O Bd7 10. Re1 Na5 11. Be3 c5 12. Qh5 Rc8 13. Rad1 Nxb3 14. axb3 g6
15. Qh6 Re8 16. Ne4 Bf8 17. Qf4 f5 18. N4c3 e5 19. Qf3 Bc6 20. Qh3 f4 21. Bd2
Bd7 22. Qf3 Qh4 23. g3 Qh3 24. Ne4 Be7 25. Ra1 Bg4 26. Qh1 Qh5 27. Nxf4 exf4
28. Nf6+ Bxf6 29. Rxe8+ Rxe8 30. Qxb7 Bf3 0-1

[Event "Masters 2013"]
[Site "Rennes"]
[Date "2013.03.31"]
[Round "3.9"]
[White "Colleter, Christian"]
[Black "Lavanant, Alexandre"]
[Result "0-1"]
[WhiteElo "1761"]
[BlackElo "2031"]
[PlyCount "87"]
[EventDate "2013.03.31"]
[EventType "tourn"]
[EventRounds "7"]
[EventCountry "FRA"]
[SourceDate "2005.09.12"]

1. e4 e6 2. d4 d5 3. e5 c5 4. c3 Nc6 5. Nf3 Bd7 6. a3 c4 7. Nbd2 Na5 8. g3 Bc6
9. h4 Qd7 10. Bh3 Ba4 11. Qe2 Ne7 12. O-O Nec6 13. b4 cxb3 14. c4 dxc4 15. Nxc4
Nxc4 16. Qxc4 Na5 17. Qc3 b6 18. Qd3 Bb5 19. Qe4 Bc6 20. Qd3 Qd5 21. Bg2 Bb5
22. Ne1 Bxd3 23. Bxd5 Bxf1 24. Bxa8 Bc4 25. Be4 Be7 26. Bb2 O-O 27. Rc1 Rc8 28.
d5 exd5 29. Bxd5 Ba6 30. Rxc8+ Bxc8 31. Nf3 Be6 32. Bxe6 fxe6 33. Nd2 b5 34.
Bd4 Bxa3 35. Bxa7 Bb4 36. Nb1 Nc4 37. Bd4 Nd2 38. Nxd2 Bxd2 39. Kf1 Bc1 40. Ke2
b2 41. Bxb2 Bxb2 42. f4 b4 43. Kd3 Bc3 44. f5 0-1

[Event "Masters 2013"]
[Site "Rennes"]
[Date "2013.03.30"]
[Round "3.10"]
[White "Durand Le Ludec, Brendan Bubok"]
[Black "Le Marec, Laura"]
[Result "1/2-1/2"]
[WhiteElo "1769"]
[BlackElo "1677"]
[PlyCount "85"]
[EventDate "2013.03.31"]
[EventType "tourn"]
[EventRounds "7"]
[EventCountry "FRA"]
[SourceDate "2005.09.12"]

1. e4 e6 2. d4 d5 3. c4 dxe4 4. Nc3 Nf6 5. f3 Bb4 6. Qa4+ Nc6 7. a3 Bxc3+ 8.
bxc3 exf3 9. Nxf3 Ne4 10. Bd3 Nf6 11. O-O O-O 12. Bg5 Bd7 13. Qc2 h6 14. Bh4
Qe7 15. Ne5 Nxe5 16. dxe5 Qc5+ 17. Kh1 Ng4 18. Rae1 Nxe5 19. Bf2 Qd6 20. Bh7+
Kh8 21. c5 Qd5 22. Be4 Qc4 23. Bd4 Nc6 24. Be3 e5 25. Bd3 Qg4 26. Rf3 f5 27.
Be2 Qh4 28. Qd2 Rad8 29. Rh3 Qe4 30. Bxh6 f4 31. Bd3 Qxe1+ 32. Qxe1 Bxh3 33.
Bf1 Bxg2+ 34. Bxg2 gxh6 35. Bxc6 bxc6 36. Qxe5+ Kg8 37. Qe6+ Kg7 38. Qe7+ Kg6
39. Qe4+ Kg5 40. Qe5+ Kg4 41. Qe6+ Kg5 42. Qe5+ Kg6 43. Qe6+ 1/2-1/2

[Event "Masters 2013"]
[Site "Rennes"]
[Date "2013.03.31"]
[Round "3.11"]
[White "Radovanovic, Vanja"]
[Black "Henry, Solenne"]
[Result "0-1"]
[WhiteElo "1499"]
[BlackElo "1672"]
[PlyCount "80"]
[EventDate "2013.03.31"]
[EventType "tourn"]
[EventRounds "7"]
[EventCountry "FRA"]
[SourceDate "2005.09.12"]

1. d4 Nf6 2. c4 e5 3. dxe5 Ng4 4. e3 Nxe5 5. f4 Nec6 6. Nc3 d6 7. Bd3 Nd7 8.
Nf3 Nc5 9. Bb1 Be6 10. Nd5 g6 11. Bd2 Bg7 12. Bc3 Bxc3+ 13. bxc3 Bxd5 14. cxd5
Qf6 15. Nd4 Nxd4 16. Qxd4 Qxd4 17. cxd4 Nd7 18. e4 Nb6 19. Bd3 f5 20. e5 Nxd5
21. g3 dxe5 22. dxe5 O-O-O 23. Bc4 Ne3 24. Be6+ Kb8 25. Ke2 Nc2 26. Bf7 Nxa1
27. Rxa1 Rd4 28. e6 Rhd8 29. Kf3 Re4 30. g4 Rd3+ 31. Kg2 fxg4 32. Rf1 Rde3 33.
Rd1 Kc8 34. Bg8 Rxe6 35. Bxe6+ Rxe6 36. Kg3 h5 37. Kh4 Re2 38. Rf1 Rxh2+ 39.
Kg5 Rxa2 40. Kxg6 g3 0-1

[Event "Masters 2013"]
[Site "Rennes"]
[Date "2013.03.31"]
[Round "4.1"]
[White "Deniau, Pascal"]
[Black "Stephan, Victor"]
[Result "1/2-1/2"]
[WhiteElo "1776"]
[BlackElo "2313"]
[PlyCount "69"]
[EventDate "2013.03.31"]
[EventType "tourn"]
[EventRounds "7"]
[EventCountry "FRA"]
[SourceDate "2005.09.12"]

1. d4 Nf6 2. c4 e6 3. Nc3 Bb4 4. Qc2 O-O 5. a3 Bxc3+ 6. Qxc3 d5 7. Bg5 c5 8. e3
cxd4 9. exd4 h6 10. Bxf6 Qxf6 11. Nf3 Nc6 12. Be2 dxc4 13. Bxc4 Bd7 14. O-O
Rac8 15. Rac1 Ne7 16. Qa5 Bc6 17. Ne5 a6 18. Rfd1 Ng6 19. Nxc6 Rxc6 20. Bf1
Rxc1 21. Rxc1 Qxd4 22. Qc3 Qxc3 23. Rxc3 Nf4 24. Rc7 Rb8 25. Bc4 Kf8 26. g3 Ng6
27. Bf1 Ne7 28. Bg2 b6 29. b4 a5 30. bxa5 bxa5 31. Rc5 Rb1+ 32. Bf1 Nf5 33.
Rxa5 Nd4 34. Kg2 Nc2 35. h4 1/2-1/2

[Event "Masters 2013"]
[Site "Rennes"]
[Date "2013.03.31"]
[Round "4.2"]
[White "Guezennec, Franck"]
[Black "Alanic, Mickael"]
[Result "1/2-1/2"]
[WhiteElo "2174"]
[BlackElo "2247"]
[PlyCount "68"]
[EventDate "2013.03.31"]
[EventType "tourn"]
[EventRounds "7"]
[EventCountry "FRA"]
[SourceDate "2005.09.12"]

1. e4 c6 2. Nf3 d5 3. exd5 cxd5 4. Ne5 Nc6 5. d4 Nf6 6. c3 Qb6 7. Be2 Bf5 8.
O-O e6 9. Nd2 Bd6 10. Ndf3 Qc7 11. Re1 O-O 12. Bf1 Be4 13. Nxc6 bxc6 14. h3 c5
15. Bg5 Rab8 16. b3 Bxf3 17. Qxf3 Ne4 18. Be3 Nxc3 19. Rec1 Ne4 20. dxc5 Bh2+
21. Kh1 Be5 22. Rab1 Nc3 23. Rb2 d4 24. Bd2 Qxc5 25. Bd3 Rfd8 26. Rbc2 Qd6 27.
Re1 Rbc8 28. Qh5 f5 29. Bc4 Ne4 30. Qxf5 Rxc4 31. Qxe4 Rxc2 32. Qxc2 Qd5 33.
Qd3 Rf8 34. f3 Bg3 {(=)} 1/2-1/2

[Event "Masters 2013"]
[Site "Rennes"]
[Date "2013.03.31"]
[Round "4.3"]
[White "Alanic, Xavier"]
[Black "Louis, Corentin"]
[Result "1-0"]
[WhiteElo "2245"]
[BlackElo "1985"]
[PlyCount "75"]
[EventDate "2013.03.31"]
[EventType "tourn"]
[EventRounds "7"]
[EventCountry "FRA"]
[SourceDate "2005.09.12"]

1. c4 f5 2. g3 Nf6 3. Bg2 g6 4. b3 Bg7 5. Bb2 O-O 6. d3 d6 7. e3 e6 8. Ne2 c5
9. O-O Qc7 10. Nbc3 a6 11. Qd2 Rd8 12. e4 Bd7 13. Rad1 Nc6 14. Qc1 Be8 15. h3
Bf7 16. Qa1 Kh8 17. Nd5 exd5 18. Bxf6 d4 19. Bxd8 Rxd8 20. exf5 gxf5 21. Nf4
Bh6 22. Nd5 Qd7 23. f4 Bxd5 24. Bxd5 Nb4 25. Qb2 Nxd5 26. cxd5 Rg8 27. Kh2 Qf7
28. Qg2 Bf8 29. Qf3 h5 30. Rg1 Rg7 31. Rd2 Rh7 32. Re2 h4 33. g4 fxg4 34. Rxg4
Rh5 35. Reg2 Bh6 36. Rg8+ Kh7 37. Qe4+ Rf5 38. R8g5 1-0

[Event "Masters 2013"]
[Site "Rennes"]
[Date "2013.03.31"]
[Round "4.4"]
[White "Geffroy, Leo"]
[Black "Entem, Alan"]
[Result "1-0"]
[WhiteElo "1970"]
[BlackElo "2177"]
[PlyCount "57"]
[EventDate "2013.03.31"]
[EventType "tourn"]
[EventRounds "7"]
[EventCountry "FRA"]
[SourceDate "2005.09.12"]

1. e4 c5 2. Nf3 Nc6 3. Bb5 e6 4. O-O Nge7 5. Re1 a6 6. Bf1 d5 7. exd5 Nxd5 8.
d4 cxd4 9. Nxd4 Bc5 10. Nxc6 bxc6 11. Qf3 Qf6 12. Qxf6 Nxf6 13. Nc3 O-O 14. Na4
Be7 15. c4 Bb7 16. Be3 Nd7 17. Red1 Rfd8 18. Nb6 Nxb6 19. Bxb6 Rxd1 20. Rxd1
Bc8 21. c5 Kf8 22. b4 Ke8 23. a4 Bd7 24. g3 f6 25. Bg2 e5 26. b5 axb5 27. axb5
Rc8 28. Rxd7 Kxd7 29. Bh3+ 1-0

[Event "Masters 2013"]
[Site "Rennes"]
[Date "2013.03.31"]
[Round "4.5"]
[White "Le Goff, Damien"]
[Black "Ferret-Leger, Gaspard"]
[Result "1-0"]
[WhiteElo "2264"]
[BlackElo "1785"]
[PlyCount "77"]
[EventDate "2013.03.31"]
[EventType "tourn"]
[EventRounds "7"]
[EventCountry "FRA"]
[SourceDate "2005.09.12"]

1. e4 d5 2. exd5 Qxd5 3. Nc3 Qa5 4. d4 Nf6 5. Bd2 c6 6. Qe2 Bf5 7. O-O-O Nbd7
8. h3 O-O-O 9. Kb1 e6 10. Nf3 Bb4 11. Nh4 Bg6 12. Nxg6 hxg6 13. a3 Bxc3 14.
Bxc3 Qc7 15. g3 Nb6 16. Bg2 Na4 17. Qc4 Nxc3+ 18. Qxc3 Rh5 19. Rd3 Rf5 20. Qd2
e5 21. dxe5 Rxd3 22. Qxd3 Rxe5 23. Rd1 Qe7 24. Qd4 Re1 25. Rxe1 Qxe1+ 26. Ka2
Qa5 27. h4 Qb6 28. Qd6 Qd8 29. Bh3+ Nd7 30. Qd4 f6 31. Qxa7 Qg8+ 32. b3 Qd5 33.
Bxd7+ Qxd7 34. Qc5 Kb8 35. a4 Qc7 36. a5 f5 37. Qb6 Qd7 38. a6 Qe7 39. Qxb7+
1-0

[Event "Masters 2013"]
[Site "Rennes"]
[Date "2013.03.31"]
[Round "4.6"]
[White "Lavanant, Alexandre"]
[Black "Otmani, Kamel"]
[Result "0-1"]
[WhiteElo "2031"]
[BlackElo "2104"]
[PlyCount "80"]
[EventDate "2013.03.31"]
[EventType "tourn"]
[EventRounds "7"]
[EventCountry "FRA"]
[SourceDate "2005.09.12"]

1. d4 Nf6 2. Bg5 c5 3. d5 Qb6 4. Nc3 Qxb2 5. Bd2 Qb6 6. e4 d6 7. f4 Qd8 8. Nf3
a6 9. a4 e6 10. Bc4 Be7 11. O-O O-O 12. Rb1 b5 13. axb5 axb5 14. Bxb5 exd5 15.
exd5 Ba6 16. Re1 Bxb5 17. Rxb5 Re8 18. Rb7 Nbd7 19. Qb1 Bf8 20. Ng5 Rxe1+ 21.
Bxe1 h6 22. Nf3 Rb8 23. Nd2 Rxb7 24. Qxb7 Qb6 25. Qc8 Qb4 26. Nf3 Qxf4 27. Nb5
Nb6 28. Qb8 Nbxd5 29. Bd2 Qf5 30. Nxd6 Qxc2 31. Qd8 Qb1+ 32. Kf2 Ne4+ 33. Nxe4
Qxe4 34. Qc8 Nf4 35. Kg3 Ne2+ 36. Kf2 Nf4 37. Kg3 Ne2+ 38. Kf2 Nd4 39. Be3 Qc2+
40. Kg3 Nf5+ 0-1

[Event "Masters 2013"]
[Site "Rennes"]
[Date "2013.03.31"]
[Round "4.7"]
[White "Le Marec, Simon"]
[Black "Durand Le Ludec, Brendan Bubok"]
[Result "1-0"]
[WhiteElo "2136"]
[BlackElo "1769"]
[PlyCount "119"]
[EventDate "2013.03.31"]
[EventType "tourn"]
[EventRounds "7"]
[EventCountry "FRA"]
[SourceDate "2005.09.12"]

1. d4 Nf6 2. Nf3 d5 3. e3 c5 4. Bd3 Nc6 5. b3 Bg4 6. Bb2 e6 7. h3 Bh5 8. Nbd2
Bd6 9. O-O O-O 10. c4 Rc8 11. a3 Qe7 12. cxd5 Nxd5 13. Qb1 Bg6 14. Ne4 cxd4 15.
Nxd6 Qxd6 16. Nxd4 Nxd4 17. Bxd4 Nc3 18. Bxc3 Bxd3 19. Bb4 Qa6 20. Qb2 Bxf1 21.
Bxf8 Kxf8 22. Rxf1 Qd3 23. b4 Qc3 24. Qb1 Qc2 25. Qe1 Rc3 26. b5 b6 27. Qa1 Qd3
28. a4 Ra3 29. Qe5 Rxa4 30. Qb8+ Ke7 31. Rc1 Qxb5 32. Qb7+ Kf6 33. Rc7 Qh5 34.
f4 Qg6 35. f5 Qh5 36. g4 Rxg4+ 37. hxg4 Qxg4+ 38. Kf2 Qxf5+ 39. Qf3 h5 40. Rxa7
h4 41. Rb7 g5 42. e4 Qxf3+ 43. Kxf3 Kg6 44. Rxb6 Kh5 45. e5 g4+ 46. Kf4 g3 47.
Rb2 Kg6 48. Kg4 h3 49. Kxh3 Kf5 50. Kxg3 Kxe5 51. Kf3 Kd4 52. Rd2+ Ke5 53. Ke3
f5 54. Ra2 Kf6 55. Ra6 Ke5 56. Ra5+ Kf6 57. Kf4 Kg6 58. Ra6 Kf6 59. Rb6 Ke7 60.
Ke5 1-0

[Event "Masters 2013"]
[Site "Rennes"]
[Date "2013.03.31"]
[Round "4.8"]
[White "Theon, Pierre"]
[Black "Le Chartre, Victorien"]
[Result "1-0"]
[WhiteElo "2131"]
[BlackElo "1655"]
[PlyCount "57"]
[EventDate "2013.03.31"]
[EventType "tourn"]
[EventRounds "7"]
[EventCountry "FRA"]
[SourceDate "2005.09.12"]

1. c4 e5 2. g3 Nf6 3. Bg2 c6 4. d4 e4 5. Nc3 d5 6. Bg5 Be7 7. cxd5 cxd5 8. e3
O-O 9. Qb3 Nbd7 10. Nge2 Nb6 11. O-O Nc4 12. Bxf6 Bxf6 13. Nxe4 dxe4 14. Qxc4
Bg4 15. Nc3 Bf3 16. Nxe4 Rc8 17. Qb3 Bxg2 18. Kxg2 Re8 19. Nxf6+ Qxf6 20. Rac1
Rcd8 21. Rc7 h5 22. h4 g5 23. hxg5 Qg6 24. Qxb7 Rb8 25. Qf3 Rxb2 26. Rh1 Rxa2
27. Rxh5 Rxe3 28. Qa8+ Kg7 29. Qh8# 1-0

[Event "Masters 2013"]
[Site "Rennes"]
[Date "2013.03.31"]
[Round "4.10"]
[White "Le Marec, Laura"]
[Black "Busnel, Laurent"]
[Result "0-1"]
[WhiteElo "1677"]
[BlackElo "1909"]
[PlyCount "90"]
[EventDate "2013.03.31"]
[EventType "tourn"]
[EventRounds "7"]
[EventCountry "FRA"]
[SourceDate "2005.09.12"]

1. Nf3 Nf6 2. g3 c5 3. Bg2 Nc6 4. d3 d5 5. Nbd2 Bg4 6. e4 dxe4 7. dxe4 e5 8.
O-O Be7 9. c3 O-O 10. Qc2 b5 11. b3 Qd7 12. Re1 Rfd8 13. Bf1 Rab8 14. Bb2 Bh3
15. Rad1 Bxf1 16. Nxf1 Qg4 17. N3d2 Qh3 18. Ne3 Bf8 19. Nf3 Ng4 20. Nxg4 Qxg4
21. Kg2 Qe6 22. Ng5 Qg6 23. Nf3 a6 24. Qe2 Qe6 25. Ng5 Qe7 26. Qh5 h6 27. Nf3
Qe6 28. c4 f6 29. cxb5 axb5 30. h4 Nb4 31. Rd2 Rxd2 32. Nxd2 Nd3 33. Rb1 Rd8
34. Nf1 Qa6 35. a4 bxa4 36. bxa4 Qxa4 37. Qe2 c4 38. Bc3 Qc6 39. f3 Bc5 40. Nd2
Bd4 41. Ba5 Ra8 42. Bb4 Ra2 43. f4 exf4 44. Qd1 Qxe4+ 45. Kf1 Qh1+ 0-1